Kanye West Collaborations - Sudden Death - Statistics

General Stats
  • This quiz has been taken 896 times
  • The average score is 6 of 16
Answers on the Grid
Answers color-coded by a green-red scale on the quiz's grid according to % correct below.
Notorious B.I.G.
SZA
J. Cole
Paul McCartney
Katy Perry
Lauryn Hill
Taylor Swift
JID
Tupac Shakur
Ed Sheeran
Kendrick Lamar
Lana Del Rey
Sia
The Chainsmokers
Mac Miller
Drake
Michael Jackson
Rihanna
Justin Bieber
Elton John
Ariana Grande
Doechii
Coldplay
Eminem
Raekwon
Frank Ocean
Justin Timberlake
Nelly
Enrique Iglesias
Andre 3000
LL Cool J
Aaliyah
 
Answer Stats
Answer % Correct
Paul McCartney
68%
Drake
60%
Kendrick Lamar
60%
Rihanna
58%
Andre 3000
56%
Frank Ocean
54%
Eminem
45%
J. Cole
35%
Raekwon
31%
Coldplay
28%
Katy Perry
28%
Elton John
23%
Michael Jackson
22%
Sia
19%
Justin Bieber
8%
The Chainsmokers
3%
No matching quizzes found
Score Distribution
Percent of People with Each Score
Percentile by Number Answered
Your Score History
You have not taken this quiz